000 00784 a2200205 4500
003 Nust
005 20230223181252.0
010 _a 91050637
020 _a0030032784 (acid-free paper)
040 _cNust
082 0 0 _a510,HAU
100 1 _aHausner, Melvin,
_939073
245 1 0 _aDiscrete mathematics /
_cMelvin Hausner.
260 _aFort Worth :
_bSaunders College Pub.,
_cc1992.
300 _axv, 720 p. :
_bcol. ill. ;
_c25 cm.
505 _aLogic (Page-1),Foundations (Page-73),Algorithms (Page-158),Combinatorics (Page-213), Graphs(Page-277),Trees (Page-392),Boolean Algebra (Page-449),Number Theory (Page-479),Grammars and Automata (Page-542),Turning Machines (Page-589).
650 0 _aComputer science
_xMathematics.
_917957
650 0 _aMathematics.
942 _2ddc
_cBK
999 _c193354
_d193354